书目信息 |
| 题名: |
中国艺术之最
|
|
| 作者: | 张国臣 编著 | |
| 分册: | ||
| 出版信息: | 北京 中国旅游出版社 1993.11 |
|
| 页数: | 203页 | |
| 开本: | 19cm | |
| 丛书名: | 中国之最丛书 | |
| 单 册: | ||
| 中图分类: | J120.9-49 | |
| 科图分类: | ||
| 主题词: | 艺术史--中国--通俗读物 | |
| 电子资源: | ||
| ISBN: | 978-7-5032-0034-2 | |
| 000 | 00697nam2 2200241 450 | |
| 001 | 0100456802 | |
| 005 | 20150128160142.0 | |
| 010 | @a978-7-5032-0034-2@dCNY5.50 | |
| 100 | @a20021005d1993 emky0chiy0110 ea | |
| 101 | 0 | @achi |
| 102 | @aCN@b110000 | |
| 105 | @ay z 000yy | |
| 106 | @ar | |
| 200 | 1 | @a中国艺术之最@9Zhong Guo Yi Shu;Zhu Zhi Zui @f张国臣编著@b专著 |
| 210 | @a北京@c中国旅游出版社@d1993.11 | |
| 215 | @a203页@d19cm | |
| 225 | 2 | @a中国之最丛书 |
| 410 | 0 | @12001 @a中国之最丛书 |
| 606 | 0 | @a艺术史@y中国@x通俗读物 |
| 690 | @aJ120.9-49@v三版 | |
| 701 | 0 | @a张国臣@f(1956~)@9zhang guo chen@4编著 |
| 801 | 0 | @aCN@bAiZhiMarc@c19940614 |
| 905 | @aBZT@dJ120.9@e27@f3@sJ120.9/27 | |
| 中国艺术之最/张国臣编著.-北京:中国旅游出版社,1993.11 |
| 203页;19cm.-(中国之最丛书) |
| ISBN 978-7-5032-0034-2:CNY5.50 |
| ● |
| 相关链接 |
|
|
|
正题名:中国艺术之最
索取号:J120.9/27
 
预约/预借
| 序号 | 登录号 | 条形码 | 馆藏地/架位号 | 状态 | 备注 |
| 1 | 2000115542 | 2000115542 | 旧书回溯/ [索取号:J120.9/27] | 在馆 | |
| 2 | 2000115543 | 2000115543 | 旧书回溯/ [索取号:J120.9/27] | 在馆 | |
| 3 | 2000124448 | 2000124448 | 旧书回溯/ [索取号:J120.9/27] | 在馆 |